000 01186nam0a2200277 4500
001 RU\NLR\BIBL_A\011557259
005 20250806210401.0
035 _a(NLR Aleph) 011557259
090 _a59997
_c59997
100 _a20171213d1944 u y0rusy50 ca
101 0 _aabk
102 _aRU
105 _ay z 000 y
200 1 _a1944 шықәсасазтәи ачаҩра аҭагаларазыи ақыҭ-нхамӡатә продуқцқәа реингаларазыи
_fСССР жилар рКомисарциа рСовети ВКП(б) аЦентр комитети рыҟны
210 _aАҟәа
_cАҧснытәи Аҳәынҭқарратә шәҟәҭыжырҭа
_d1944
215 _a47, [2] с.
_d19
300 _aГрафика на груз. основе.
541 1 _aОб уборке и заготовках сельскохозяйственных продуктов в 1944 году
_zrus
686 1 _aУ9(2)325
852 _aNLR
_bОНЛ
_jАбхаз./2-141
852 _aNLR
_bОНЛ
_jАбхаз./2-141
942 _cBOOK
945 _aРоссийская национальная библиотека
980 _aNB
980 _aBV